000 00299nam a2200109Ia 4500
008 220204s9999 xx 000 0 und d
082 _a003.052
_bDUM
100 _aDumpleton, Johnle F
245 0 _aHandwriting: The art of fast and legible handwriting
260 _aLondon
_bCompton
_c1973
942 _cBK
999 _c24210
_d24210